000 00486nam a2200193Ia 4500
008 220531s9999 xx 000 0 und d
041 _aeng
082 _a-
_bTAM
100 _aTambade, P. S. &. Others
_968837
245 _aElectronics (sem-iv-physics)
250 _a1ST
260 _aPune
_bNirali
_c2014
300 _a8.44
542 _d31-07-2014
551 _aScience
_bNon-grant-SCI
650 _aElectronics
_968838
906 _d2014-2015
_f710
999 _c38650
_d38650